000
00218nam a2200109Ia 4500
100
_a
MARSDEN
942
_c
BK
245
_a
ORGANISATIONAL MANAGEMENT & DEVELOPMENT
260
_b
#N/A
546
_a
ENGLISH
999
_c
22664
_d
22664